Кинетика спекания электровзрывных наноразмерных порошков меди; Химия и химическая технология на рубеже тысячелетий; Т. 2

Podrobná bibliografie
Parent link:Химия и химическая технология на рубеже тысячелетий: материалы II Всероссийской научной конференции, Томск, 26-28 ноября 2002 г./ Российское химическое общество им. Д. И. Менделеева; Российская академия естественных наук; Томский научный центр СО РАН; Администрация Томской области; Томский политехнический университет.— , 2002-
Т. 2.— 2002.— С. 51-54.
Další autoři: Галанов А. И. Андрей Иванович, Савельев Г. Г. Геннадий Гаврилович, Денисенко А. В., Лернер М. И. Марат Израильевич
Jazyk:ruština
Vydáno: 2002
Témata:
Médium: MixedMaterials Kapitola
KOHA link:https://koha.lib.tpu.ru/cgi-bin/koha/opac-detail.pl?biblionumber=84594

MARC

LEADER 00000naa2a2200000 4500
001 84594
005 20231031100648.0
035 |a (RuTPU)RU\TPU\book\90920 
090 |a 84594 
100 |a 20051102d2002 k y0rusy50 ca 
101 0 |a rus 
102 |a RU 
200 1 |a Кинетика спекания электровзрывных наноразмерных порошков меди  |f А. И. Галанов, Г. Г. Савельев, А. В. Денисенко, М. И. Лернер 
320 |a Библиогр.: 7 назв. 
461 1 |0 (RuTPU)RU\TPU\book\48472  |t Химия и химическая технология на рубеже тысячелетий  |o материалы II Всероссийской научной конференции, Томск, 26-28 ноября 2002 г.  |f Российское химическое общество им. Д. И. Менделеева; Российская академия естественных наук; Томский научный центр СО РАН; Администрация Томской области; Томский политехнический университет  |d 2002- 
463 0 |0 (RuTPU)RU\TPU\book\48113  |t Т. 2  |v С. 51-54.  |d 2002  |p 366 с. 
610 1 |a кинетика 
610 1 |a спекание 
610 1 |a электровзрывы 
610 1 |a наноразмерность 
610 1 |a порошки 
610 1 |a медь 
610 1 |a нанопорошки 
610 1 |a наноструктуры 
610 1 |a труды учёных ТПУ 
701 1 |a Галанов  |b А. И.  |c химик  |c доцент Томского политехнического университета, кандидат химических наук  |f 1970-  |g Андрей Иванович  |2 stltpush  |3 (RuTPU)RU\TPU\pers\25608 
701 1 |a Савельев  |b Г. Г.  |c химик  |c профессор Томского политехнического университета  |f 1938-2010  |g Геннадий Гаврилович  |2 stltpush  |3 (RuTPU)RU\TPU\pers\19860 
701 1 |a Денисенко  |b А. В. 
701 1 |a Лернер  |b М. И.  |c специалист в области машиностроения  |c профессор Томского политехнического университета, доктор технических наук  |f 1956-  |g Марат Израильевич  |2 stltpush  |3 (RuTPU)RU\TPU\pers\31191 
801 1 |a RU  |b 63413507  |c 20051102  |g PSBO 
801 2 |a RU  |b 63413507  |c 20160616  |g RCR 
942 |c BK